[Event "EU-Cup 14th final"]
[Site "Belgrade"]
[Date "1999.01.13"]
[Round "3"]
[White "Sokolov, Ivan"]
[Black "Huzman, Alexander"]
[Result "1-0"]
[WhiteElo "2610"]
[BlackElo "2575"]
[Annotator "Ftacnik,L"]
[PlyCount "73"]
[EventDate "1999.01.11"]
[EventType "team-k.o."]
[EventRounds "3"]
[EventCountry "YUG"]
[SourceTitle "EXT 2020"]
[Source "ChessBase"]
[SourceDate "2019.10.17"]
[SourceVersion "1"]
[SourceVersionDate "2019.10.17"]
[SourceQuality "1"]
[WhiteTeam "Sarajevo Bosna"]
[BlackTeam "Beer-Sheva Chess Club"]
[WhiteTeamCountry "BIH"]
[BlackTeamCountry "ISR"]

1. d4 Nf6 2. c4 g6 3. Nc3 d5 4. Bf4 Bg7 5. e3 c5 6. dxc5 Qa5 7. Rc1 dxc4 8.
Bxc4 O-O 9. Nf3 Qxc5 10. Bb3 Nc6 11. O-O Qa5 12. h3 Bf5 13. Qe2 Ne4 14. Nd5 e5
15. Rxc6 exf4 16. Rc7 Be6 (16... fxe3 17. Qxe3 Be6 $1 18. Qe1 Qxe1 19. Rxe1 Nd6
{+=}) 17. Ne7+ (17. Qe1 $6 Qb5 18. Ne7+ (18. Bc4 $5 Qxb2 19. exf4 Nc3 20. Nxc3
$1 Bxc3 21. Qe4 Bxc4 22. Qxc4 Ba5 $1 {~}) 18... Kh8 19. Bxe6 fxe6 20. Qb1 $1
Ng5 $1 21. Nh4 $1 Nxh3+ (21... fxe3 $1 22. Nhxg6+ hxg6 23. Nxg6+ Kg8 24. Ne7+
Kh8 25. Ng6+ {1/2-1/2 Novikov,I-Tukmakov,V/Kujbyshev 1986/ (25)}) 22. Kh2 Qh5
$6 (22... Nxf2 $1 23. Rxf2 fxe3 $1 24. Rxf8+ Rxf8 25. Kh3 $1 {~}) 23. Nexg6+ $2
(23. Nhxg6+ $1 hxg6 24. Qxg6 $1 (24. Nxg6+ {=}) 24... Rf5 (24... Qh7 $1 25.
gxh3 $1 Rf6 (25... fxe3 26. Qxe6 $1 Rf6 27. Qxe3 {+/-}) 26. Qg4 $1 {+/-}) 25.
gxh3 fxe3 26. Qxh5+ Rxh5 27. Ng6+ Kg8 28. fxe3 Rd8 $1 {1/2-1/2 Schmidt,
W-Neverov,V/ Poznan/1986/ (73)}) 23... hxg6 24. Qxg6 (24. Nxg6+ Kg8 25. Ne7+
Kh8 26. Ng6+ {=}) 24... Qe5 $1 25. Rf7 $1 Rxf7 $1 26. Qxf7 Ng5 $1 27. Ng6+ Kh7
28. Nxe5 Nxf7 29. Nxf7 Kg6 $1 {=+ 1/2-1/2 Karpov,A-Kasparov,G/London/Leningrad
(m11) 1986/ (41)}) (17. Rxb7 Nd6 $1 (17... Bxd5 18. Rb5 Nc3 $3 19. bxc3 Bxf3
20. gxf3 Qxc3 {=}) 18. Ne7+ Kh8 19. Nc6 Qc5 20. Bxe6 Qxc6 21. Re7 fxe6 22. exf4
Nf5 $1 23. Rxe6 Qa4 {Szilagyi,P-Schmidt,W/Budapes/1986/ (26)}) 17... Kh8 18.
Rfc1 Bxb3 19. axb3 Ng5 (19... fxe3 20. Qxe3 Nd6 21. Qf4 Rad8 22. Ng5 (22. b4
Qb6 23. Ng5 $1) 22... h6 23. Ne4 Qe5 24. Qxe5 Bxe5 25. Nxd6 Bxd6 26. Rxb7 {
1-0 Levitt, J-Mittelman,G/London/1990/ (61)}) 20. b4 Nxf3+ $6 {Obvious move,
that gives white excellent control of the center. White pieces are very active
and black can not claim any compensation for it.} (20... Qa6 $5 21. b5 (21.
Qxa6 Nxf3+ 22. gxf3 bxa6 23. exf4 Bxb2 {+=}) 21... Qf6 {+=}) 21. Qxf3 Qe5 (
21... Qxb4 22. Rxb7 Qd2 23. Rd1 Qc2 24. exf4 {+/-}) 22. exf4 Qxb2 23. Nd5 Rad8
$6 (23... Rae8 24. Rd1 (24. R7c2 Re1+ 25. Rxe1 Qxc2 {+=}) 24... Bd4 25. Rxb7 {
+/-}) 24. R7c2 Qd4 (24... Rxd5 $2 25. Rxb2 Bxb2 26. Qxd5 Bxc1 27. Qc5 {+-}) 25.
Rd1 {Black queen is trapped on a very central square!} Rxd5 26. Qxd5 (26. Rxd4
Rxd4 27. Qxb7 Rxf4 28. g3 {+-}) 26... Qxb4 27. f5 Qb6 (27... Qf4 28. Ra2 a6 29.
Qxb7 Qxf5 30. Rxa6 {+-}) 28. Qd7 Bf6 (28... gxf5 29. Rc7 {+-}) 29. fxg6 hxg6 (
29... fxg6 30. Rc7 {+-}) 30. Rc8 Rxc8 (30... Kg7 31. Rc7 Bh4 32. Qd4+ Qxd4 33.
Rxd4 {+-}) 31. Qxc8+ Kg7 32. Qc4 $1 {If Sokolov manages to prevent the march
of both black free pawns his position will be easily won.} Qa5 (32... Qc6 33.
Qxc6 bxc6 34. Rc1 {+-}) 33. Rd7 Qe1+ 34. Kh2 Qxf2 (34... Be5+ 35. f4 {+-}) 35.
Qxf7+ Kh6 36. Qh7+ Kg5 37. Rd5+ (37. Rd5+ Kf4 38. Qxg6 {+-}) 1-0

[Event "Hoogovens"]
[Site "Wijk aan Zee"]
[Date "1999.01.17"]
[Round "2"]
[White "Sokolov, Ivan"]
[Black "Shirov, Alexei"]
[Result "0-1"]
[WhiteElo "2610"]
[BlackElo "2726"]
[Annotator "Ftacnik,L"]
[PlyCount "104"]
[EventDate "1999.01.16"]
[EventType "tourn"]
[EventRounds "13"]
[EventCountry "NED"]
[EventCategory "17"]
[SourceTitle "CBM 069"]
[Source "ChessBase"]
[SourceDate "1999.04.01"]
[SourceVersion "1"]
[SourceVersionDate "1999.04.01"]
[SourceQuality "1"]

1. d4 {Hecht} Nf6 2. c4 g6 3. Nc3 d5 4. Bf4 Bg7 5. e3 c5 6. dxc5 Qa5 7. Rc1
dxc4 8. Bxc4 O-O 9. Nf3 Qxc5 10. Bb3 Nc6 11. O-O Qa5 12. h3 Bf5 13. Qe2 Ne4 14.
Nd5 e5 15. Rxc6 bxc6 16. Ne7+ Kh8 17. Nxe5 $6 {Seemingly unimportant change in
the moveorder has great consequences.} (17. Nxc6 Qb6 18. Ncxe5 Be6 19. Qc2 (19.
Rc1 Rac8 20. Rxc8 Rxc8 21. Nxf7+ Kg8 22. Nh6+ Bxh6 23. Bxe6+ Qxe6 24. Bxh6 Qxa2
25. Qb5 {0-1 Frolik,E-Sauermann,W/OLWuert 1988/ (54)}) (19. Bxe6 Qxe6 20. Qc2
Nf6 21. Qa4 Nd5 22. Bg3 Nb6 23. Qa6 Qd5 24. b3 Kg8 25. Rc1 {1-0 Meins,
G-Lagunow,A/Berlin/1993/ (37)}) 19... Bxb3 20. Qxe4 Be6 21. Ng5 Kg8 22. Nc6
Bxa2 23. Bd6 h6 24. Qxg6 fxg6 25. Ne7+ Kh8 26. Nxg6+ Kg8 {1/2-1/2 Gavrikov,
V-Kochyev,A/Tallinn/1987/ (26)}) 17... Bxe5 18. Nxc6 Qd2 $1 (18... Qb6 19. Nxe5
Be6 20. Nc4 $14) 19. Qxd2 Nxd2 20. Bxe5+ f6 21. Bc3 (21. Rd1 Nxb3 $19) (21. Bd6
Nxf1 22. Bxf8 Rxf8 23. Kxf1 Rc8 24. Bd5 Bd7 $17) 21... Nxf1 22. Kxf1 {[%mdl
1024] White has in effect sacrificed two exchanges, as a compensation he can
claim two pawns and active pieces.} Bd3+ 23. Kg1 (23. Ke1 Be4 24. Ne5 Rad8 25.
Nf7+ Rxf7 26. Bxf7 Kg7 27. f3 Kxf7 28. fxe4 Re8 $17) 23... Rac8 24. Ne7 (24.
Nxa7 Rc7 25. Bd4 Kg7 26. Bb6 Rc1+ 27. Kh2 Rb8 $17) 24... Rxc3 $5 {Shirov
returns first exchange and hopes to get enough activity in the ensuing endgame.
} (24... Rc5 25. Nd5 Kg7 $17) 25. bxc3 Be4 26. c4 (26. f3 Re8 (26... Bb7 27.
Kf2 Kg7 28. e4 $13) 27. Ng8 Bc6 28. Nxf6 Rxe3 29. c4 $15) 26... Kg7 27. Nd5 (
27. f3 Re8 $17) 27... Rb8 28. Nc7 (28. f3 Bxd5 29. cxd5 f5 $17) 28... a5 29.
Ne6+ (29. f3 Bf5 (29... Bc6 30. Ne6+ Kf7 31. Nd4 a4 32. Nxc6 axb3 33. axb3 Rxb3
34. Kf2 $15) 30. Nd5 Bd7 $17) 29... Kf7 30. Nd4 (30. Nc5 Bc6 $17) 30... Ke7 31.
f3 Bb7 32. Ba4 (32. c5 Rc8 $17) 32... Kd6 33. Bb5 Kc5 34. a4 {Sokolov
understands, that black "a" pawn can become very dangerous.} Bc8 35. Kf2 (35.
Nc6 Ra8 36. Nd4 Ba6 $17) 35... Rb6 36. Nb3+ Kb4 37. Nd4 (37. c5 Rb8 (37... Rxb5
38. axb5 a4 39. Nd4 Kxc5 40. Ke2 Bd7 $17) 38. Nd2 Kxc5 39. Ne4+ Kb4 40. Nxf6
Rxb5 41. axb5 a4 42. Nd5+ Kb3 43. Nf4 a3 44. Nd3 Kc4 45. Nc1 Kxb5 $17) 37...
Ba6 38. Nc6+ Rxc6 $1 {The return of the second exchange was forced, but it is
nevertheless very impressive.} (38... Kc5 39. Nxa5 Bxb5 40. cxb5 Kb4 41. Nc6+
Kxa4 42. Nd4 $11) 39. Bxc6 Bxc4 {Hecht: '[#] Nach dem raschen Nehmen von a4
stellt der entfernte Freibauer den Weißen vor unlösbare Probleme.'} 40. e4 Bb3
41. f4 Bxa4 42. Bd5 (42. Bxa4 Kxa4 43. Ke3 Kb4 44. Kd3 a4 45. e5 fxe5 46. fxe5
Kc5 $19) 42... Bc2 {[%mdl 4096] White king is still far away, so the bishop
endgame is very difficult for white.} 43. e5 (43. Ke3 a4 44. e5 fxe5 45. fxe5
Kc5 46. Bg8 h6) 43... fxe5 44. fxe5 Kc5 45. Bg8 (45. Ba2 {Hecht} a4 46. e6 Kd6
47. Ke3 Bb3 $19) 45... h6 46. Ke3 a4 47. e6 (47. Kd2 {Hecht} Bb3 48. Bxb3 axb3
49. Kc3 Kd5 50. Kxb3 Kxe5 51. Kc4 Kf4 52. Kd5 Kg3 53. Ke6 Kxg2 54. Kf6 g5 $19)
47... Kd6 48. Kd4 Bb3 49. Kc3 Bxe6 50. Bh7 Bf7 51. Kb4 Ke5 52. h4 h5 (52... Kf6
{Hecht} 53. h5 Kg7 54. hxg6 Bxg6 55. Bxg6 Kxg6 56. Kxa4 Kg5 57. Kb4 Kg4 58. Kc4
Kg3 59. Kd4 Kxg2 60. Ke4 h5 61. Kf4 h4 62. Kg4 h3 $19) 0-1

[Event "Asia-ch"]
[Site "Kolkata"]
[Date "2001.08.11"]
[Round "3"]
[White "Adianto, Utut"]
[Black "Nolte, Rolando"]
[Result "1-0"]
[WhiteElo "2598"]
[BlackElo "2324"]
[Annotator "Ftacnik,L"]
[PlyCount "109"]
[EventDate "2001.08.09"]
[EventType "swiss"]
[EventRounds "11"]
[EventCountry "IND"]
[SourceTitle "CBM 085"]
[Source "ChessBase"]
[SourceDate "2001.11.13"]
[SourceVersion "1"]
[SourceVersionDate "2001.11.13"]
[SourceQuality "1"]

1. d4 Nf6 2. c4 g6 3. Nc3 d5 4. Nf3 Bg7 5. Bf4 O-O 6. e3 c5 7. dxc5 Qa5 8. Rc1
dxc4 9. Bxc4 Qxc5 10. Bb3 Nc6 11. O-O Qa5 12. h3 Bf5 13. Qe2 Ne4 14. Nd5 e5 15.
Rxc6 bxc6 16. Ne7+ Kh8 17. Nxc6 Qb6 18. Ncxe5 Be6 19. Bxe6 Qxe6 20. Qc2 f5 21.
Qa4 Nd2 {[%mdl 4] White is supposed to have two pawns for an exchange and a
solid compensation, but position is roughly equal.} 22. Rd1 (22. Nxd2 Bxe5 23.
Bxe5+ Qxe5 24. Nc4 $14) 22... Nxf3+ 23. Nxf3 Bxb2 $2 (23... Qb6 $1 24. b3 Rfd8
$13) 24. Ng5 $1 Qg8 (24... Qe8 25. Qb3 Bg7 26. Ne6 Rf7 27. Nc7 $16) 25. Rd7 Bg7
(25... h6 26. Qb5 Bg7 27. Be5 $16) 26. Qa5 h6 27. Rxg7 Qxg7 (27... Kxg7 $2 28.
Be5+ Rf6 29. Qc7+ Kf8 30. Bxf6 $18) 28. Be5 hxg5 (28... Rf6 29. Qc3 Raf8 30.
Ne6 $18) 29. Bxg7+ Kxg7 30. Qe5+ {White comes out of the commando attack on
black kingside with spare pawn and active queen.} Kh6 31. Kh2 Rf7 32. Kg3 Raf8
33. Qc5 f4+ $2 (33... Rd8 34. Qe5 Rd2 35. Qh8+ Rh7 36. Qf8+ Rg7 37. a4 Ra2 38.
Qh8+ Rh7 39. Qd4 Rb7 40. e4 fxe4 41. Qd5 Rab2 42. Qxe4 $16) 34. Kg4 Rf5 (34...
fxe3 35. Qxg5+ Kh7 36. fxe3 $18) 35. Qxa7 fxe3 36. fxe3 Re5 37. a4 Re4+ 38. Kg3
Rfe8 39. Kf3 R4e7 (39... Rxe3+ $2 40. Qxe3 Rxe3+ 41. Kxe3 $18) 40. Qd4 Rf8+ 41.
Ke2 Ra8 42. h4 $1 g4 $2 {The final mistake in a position, where black got
worried about his king safety. Unfortunatelly now he will go under due to the
material inferiority.} (42... Rea7 43. hxg5+ Kh5 $1 (43... Kxg5 44. Qf4+ Kh5
45. g4+ Kh4 46. Kf3 $18) (43... Kh7 44. Qf4 Rxa4 45. Qf7+ Kh8 46. Qxg6 $18) 44.
Kf3 (44. g4+ Kh4 45. Qe4 Rxa4 46. Qxg6 Kxg4 47. Qf6 Ra2+ 48. Ke1 R8a6 $14)
44... Rxa4 45. g4+ Kxg5 46. Qc5+ Kh6 47. e4 $16) 43. Qxg4 Rea7 44. Qg5+ Kh7 45.
g4 $1 Rxa4 46. Qe7+ Kg8 47. Qe6+ Kg7 48. Qd7+ Kg8 49. g5 R4a7 (49... Ra2+ 50.
Kf3 Rf8+ 51. Kg3 Raf2 52. h5 gxh5 53. g6 $18) 50. Qe6+ Kh7 51. Kf3 Rf8+ 52. Kg4
Ra4+ 53. Kg3 Ra1 54. h5 $1 gxh5 55. g6+ 1-0

[Event "Beersheba 16th"]
[Site "Beersheba"]
[Date "1997.03.03"]
[Round "7"]
[White "Mikhalevski, Alexander"]
[Black "Dvoirys, Semen I"]
[Result "1/2-1/2"]
[WhiteElo "2470"]
[BlackElo "2590"]
[Annotator "Ftacnik,L"]
[PlyCount "80"]
[EventDate "1997.02.24"]
[EventType "tourn"]
[EventRounds "11"]
[EventCountry "ISR"]
[EventCategory "12"]
[SourceTitle "CBM 058"]
[Source "ChessBase"]
[SourceDate "1997.06.01"]
[SourceVersion "1"]
[SourceVersionDate "1997.06.01"]
[SourceQuality "1"]

1. d4 Nf6 2. c4 g6 3. Nc3 d5 4. Bf4 Bg7 5. e3 c5 6. Nf3 Qa5 7. Rc1 O-O 8. dxc5
dxc4 9. Bxc4 Qxc5 10. b3 $6 (10. Bb3) 10... Nc6 11. O-O Qa5 (11... Bg4 12. h3
Rfd8 13. Qe2 Bxf3 14. Qxf3 Qa5 15. g4 e6 16. Bb5 Nxg4 17. hxg4 Bxc3 18. Bxc6
bxc6 19. Qxc6 Rac8 {1/2-1/2 Mikhalevski,V-Huzman,A/ISR-chT (01)/1996/}) 12. Nb5
Bf5 (12... Bg4 13. a3 Rad8 14. Qe2 (14. Qe1 Bxf3 15. gxf3 a6 $15) 14... e5 15.
Bg5 a6 $17) 13. a3 Rad8 14. Qe2 (14. Qe1 a6 15. Qxa5 Nxa5 16. Nbd4 Nxc4 17.
Nxf5 gxf5 18. Rxc4 Nd5 $11) 14... Nd5 15. Bg3 a6 16. e4 (16. b4 $6 Qa4 (16...
Qb6 17. e4 axb5 18. Bxd5 Bg4 19. Qe3 Qxe3 20. fxe3 Ra8 $15) 17. e4 axb5 18.
Bxb5 Qxa3 19. exd5 Na7 $17) 16... axb5 (16... Bxe4 17. Qxe4 Nf6 18. Qxc6 bxc6
19. Bc7 Qxb5 20. Bxb5 Rd7 21. Bxa6 Rxc7 22. Bb5 $11) 17. Bxd5 Bg4 18. h3 (18.
Bxc6 bxc6 19. Rxc6 Qxa3 20. Qxb5 Bd7 21. Qc5 Qxb3 $11) 18... Nd4 19. Qe3 (19.
Qa2 $2 Bxf3 20. Bc7 Qa8 21. Bxd8 Ne2+ 22. Kh1 Nxc1 23. Rxc1 Rxd8 24. gxf3 e6
$19) 19... Bxf3 20. b4 Qa6 $6 (20... Ne2+ $1 21. Qxe2 (21. Kh2 Qa6 22. Qxf3
Nxc1 23. Rxc1 e6 24. Ba2 Ra8 $19) 21... Bxe2 22. bxa5 Bxf1 23. Kxf1 Rd7 24. Rc5
e6 25. Bb3 Bb2 26. Rxb5 Bxa3 $17) 21. gxf3 e6 22. Ba2 Ra8 23. Bb3 Qxa3 24. Rb1
Qxb4 (24... Rfc8 $5 25. Kg2 Nc2 (25... h6 $17) 26. Qd2 Nxb4 27. Bxe6) 25. Bxe6
Qc3 26. Qxc3 (26. Bg4 $2 h5 $19) 26... Ne2+ 27. Kg2 Nxc3 28. Bd5 Rad8 (28...
Nxb1 29. Rxb1 Ra5 30. Bc7 b6 31. Bxb6 Ra6 32. Bc7 $13) 29. Bxb7 f5 (29... Nxb1
30. Rxb1 h5 31. Rxb5 $15) 30. Bh4 Rd7 31. Bc6 Rd6 32. Bxb5 g5 (32... Nxb1 33.
Rxb1 g5 34. Bxg5 Rg6 35. h4 (35. f4 fxe4 36. h4 $11) 35... h6 36. exf5 Rxf5 37.
Bc4+ Kh8 38. Bd3 $14) 33. Bxg5 Rg6 34. f4 (34. h4 fxe4 35. Bc4+ Kh8 36. Rb7 h6
37. Rh1 exf3+ 38. Kf1 $11) 34... fxe4 (34... h6 35. exf5 Rxf5 36. Bd3 $14) 35.
h4 Nxb1 36. Rxb1 h6 37. h5 Rxg5+ (37... hxg5 38. hxg6 Rxf4 (38... gxf4 $2 39.
Bc4+ Kh8 40. Rh1+ $18) 39. Rd1 Kf8 40. Bc6 $14) 38. fxg5 hxg5 39. Rb4 Rf4 40.
Bc6 Kh7 (40... Kh7 41. Bxe4+ Kh6 $11) 1/2-1/2

[Event "Helsinki op"]
[Site "Helsinki"]
[Date "1992.??.??"]
[Round "1"]
[White "Kachiani Gersinska, Ketino"]
[Black "Fominyh, Alexander"]
[Result "1-0"]
[WhiteElo "2360"]
[BlackElo "2530"]
[Annotator "Ftacnik,L"]
[PlyCount "95"]
[EventDate "1992.09.??"]
[EventType "swiss"]
[EventRounds "9"]
[EventCountry "FIN"]
[SourceTitle "CBM 032"]
[Source "ChessBase"]
[SourceDate "1993.02.01"]
[SourceVersion "1"]
[SourceVersionDate "1993.02.01"]
[SourceQuality "1"]

1. d4 d5 2. c4 c6 3. Nf3 Nf6 4. Qc2 g6 5. Bf4 Bg7 6. e3 O-O 7. Nc3 c5 $5 $146 {
7...Na6; 7...Be6; 7...Bf5; 7...Qa5;} 8. dxc5 Bf5 9. Qb3 Ne4 (9... Nbd7 10. cxd5
Nxc5 11. Qb4 Rc8 12. Rd1 $14) 10. cxd5 (10. Nxe4 dxe4 11. Nd2 (11. Qxb7 exf3
12. Qxa8 Bxb2 $19) 11... Nd7 12. Qa3 e5 13. Bg3 Qe7 $132) 10... Nxc5 11. Qa3 (
11. Qc4 Qb6 12. Qb5 Nbd7 $132) 11... Qb6 12. Rd1 Nbd7 13. Be2 (13. d6 Bxc3+ 14.
bxc3 exd6 15. Bxd6 Rfc8 $14) 13... Ne4 14. Nxe4 Bxe4 15. Qxe7 (15. b4 Rfc8 $132
) 15... Nf6 16. Rd2 (16. d6 Qxb2 17. d7 Qc3+ 18. Kf1 Rad8 $13) 16... Rfe8 17.
Qd6 (17. Qa3 Nxd5 18. Bd6 Rac8 19. O-O Re6 $132) 17... Nxd5 18. Rxd5 (18. Qxb6
axb6 19. a3 Nxf4 20. exf4 Bxf3 21. gxf3 Ra4) 18... Bxd5 19. Qxd5 Qxb2 20. Ng5 (
20. Qb3 Bc3+ 21. Kf1 Qa1+ 22. Bd1 Rad8 23. Ke2 $14) 20... Qc3+ 21. Kf1 Qc1+ 22.
Bd1 Rf8 (22... Re7 23. g4 $16) 23. Ke2 (23. Ne4 Rac8 24. Nd6 $16) 23... Rad8
24. Qb3 Rd2+ 25. Kf3 Qc6+ (25... h6 26. Nxf7 Rxf7 27. Qxf7+ Kxf7 28. Bb3+ $18)
26. Kg3 Rb2 27. Bf3 $1 Qa6 28. Qd5 Rb5 (28... h6 29. Ne4 (29. Nh3 g5 30. Bc7
$14) 29... Qxa2 30. Qd6 $40) 29. Qd7 Qa5 30. h4 h6 31. Ne4 Qa4 32. Rd1 (32. Nd6
$2 Rg5+ $1) 32... Rb4 33. Qxa4 Rxa4 34. Rd2 b6 35. Nd6 Kh7 (35... Rd8 36. Bd5
Rxf4 37. exf4 Rxd6 38. Bxf7+ Kxf7 39. Rxd6 $18) 36. Bd5 f5 37. Bb3 Rb4 38. Kh3
Rd8 39. Rd5 a5 40. Nf7 Rxd5 41. Bxd5 Rb2 42. f3 b5 43. e4 b4 (43... fxe4 44.
fxe4 b4 45. e5 a4 46. e6) 44. e5 a4 45. e6 Re2 46. Bd6 Bc3 (46... Bf6 47. Bxb4
$18) 47. Kh2 (47. e7 Kg7 48. Nd8 Kf6 49. Be4 $18) 47... Kg7 48. Bc4 (48. Bc4
Re1 49. e7 Bf6 50. Bxb4 $18) 1-0

[Event "NED-ch54"]
[Site "Rotterdam "]
[Date "1999.06.03"]
[Round "5"]
[White "Peng, Zhaoqin"]
[Black "Van Wely, Loek"]
[Result "0-1"]
[WhiteElo "2452"]
[BlackElo "2632"]
[Annotator "Ftacnik,L"]
[PlyCount "102"]
[EventDate "1999.05.29"]
[EventType "tourn"]
[EventRounds "11"]
[EventCountry "NED"]
[EventCategory "12"]
[SourceTitle "CBM 072"]
[Source "ChessBase"]
[SourceDate "1999.10.01"]
[SourceVersion "1"]
[SourceVersionDate "1999.10.01"]
[SourceQuality "1"]

1. d4 Nf6 2. c4 g6 3. Nc3 d5 4. Bf4 Bg7 5. e3 c5 6. dxc5 Qa5 7. Rc1 dxc4 8.
Bxc4 O-O 9. Nf3 Qxc5 10. Bb3 Qa5 11. O-O Na6 12. Ng5 (12. Ne5 Nc5 13. Bxf7+
Rxf7 14. Nxf7 Kxf7 15. b4 (15. Nd5 Ne6 16. Nc7 Nxc7 17. Bxc7 Qd5 18. Qa4 Bd7
19. Qa3 Rc8 20. Rfd1 Rxc7 {0-1 Profit,B-Stone,R/Detroit 1994/ (20)}) 15... Qxb4
16. Nd5 Nxd5 17. Qxd5+ Ne6 (17... Be6 18. Qxc5 Qxc5 19. Rxc5 Bxa2 20. Be5 $1)
18. Rc4 Qb2 19. Rfc1 Bd7 20. h3 Rd8 21. Qf3 (21. Qa5 a6 22. Bc7 (22. Rd1 Bb5)
22... Rc8 23. R4c2 Qb5 24. Qxb5 Bxb5 25. Bb6 Rc6 {0-1 Beliavsky,A-Gavrikov,V/
Moscow 1988/ (56)}) (21. Bc7 $2 Bc6 22. Rf4+ Bf6 $19) 21... Ke8 22. R4c2 Qb5
23. Bg3 Bc6 24. Qg4 Qf5 25. Qb4 Rd3 26. Rc4 Qd5 {0-1 Lukacs,P-Gavrikov,V/
Debrecen 1988/ 0-1}) (12. Qe2 Nc5 13. Bc4 (13. Nd5 Nxd5 14. Bxd5 Ne6 15. Bb3
Qh5 16. Bxe6 Bxe6 17. Rc7 Bxa2 18. Rxb7 e5 19. Rb5 Qg4 20. Ra1 exf4 21. Rxa2
fxe3 22. Qxe3 Rae8 {0-1 Pollmann,S-Thiel,T/Muenster 1994/ 0-1}) 13... a6 (13...
Be6 14. a3 Bxc4 15. Qxc4 Ne6 16. Be5 {1/2-1/2 Unzicker,W-Lutz,C/Wildbad 1990/
1/2-1/2}) 14. a3 Nce4 15. Nxe4 Nxe4 16. Bc7 Qh5 17. Rfd1 Nf6 18. Ne5 Ne8 19.
Qxh5 gxh5 20. Bxf7+ Rxf7 21. Nxf7 Kxf7 22. Rd8 b5 23. Ba5 Bb7 {1/2-1/2 Levitt,
J-Kouatly,B/Augsburg 1988/ (35)}) (12. Qd4 Rd8 13. Qe5 Nd5 14. Qg5 h6 15. Qh4
Nxf4 16. exf4 Nc5 17. Bc2 Be6 18. f5 gxf5 19. b4 Qc7 20. bxc5 Bxc3 21. Bxf5
Bxf5 22. Rxc3 {1-0 Magerramov,E-Khenkin,I/Podolsk 1989/ (32)}) (12. Bc4 Bg4 (
12... Nc5 13. a3 Be6 $1 14. Bxe6 Nxe6 15. Be5 Rfd8 16. Qe2 Ng5 17. Bf4 Ne6 18.
Be5 Ng5 19. Bf4 Ne6 20. Be5 {1/2-1/2 Ribbegren,C-Hjelmaas,L/NOR/1993/ (20)})
13. h3 Bxf3 14. Qxf3 Rac8 15. Qe2 Nc5 16. e4 Ne6 17. Be3 Kh8 18. Rfd1 a6 19.
Nd5 Nxd5 20. exd5 Nc5 21. Bg5 Bf6 22. Bxf6+ exf6 23. d6 Kg7 24. d7 Nxd7 25.
Rxd7 b5 {0-1 Yakovich,Y-Groszpeter,A/Palma de Mallorca 1989/ (38)}) (12. Qd2 $5
Rd8 (12... Bg4 $5 13. Nd5 Qd8 14. Ne5 Be6 $11) 13. Qe2 Nc5 $2 (13... Bg4 $5)
14. Bxf7+ $1 Kxf7 15. Qc4+ Ne6 (15... e6 16. b4 $16) 16. Ng5+ Kf8 17. Nxe6+
Bxe6 18. Qxe6 Qb6 19. Qh3 $5 (19. Qxb6 axb6 20. Rfd1 Rxd1+ 21. Rxd1 Nh5 22. Bc7
Bxc3 23. bxc3 Rxa2 24. Bxb6 Nf6 $16) 19... Qxb2 20. Be5 Rac8 21. f4 Rc6 (21...
Qa3 22. Rcd1 $16) 22. Rb1 Qc2 23. Nb5 {1-0 Timman,J-Nijboer,F/Rotterdam 1998/ 
(48)}) (12. h3 Nc5) 12... h6 13. Nge4 Nxe4 14. Nxe4 g5 15. Bg3 (15. Qh5 $5 Qb4
16. Nxg5 hxg5 17. Qxg5 Be6 18. Bxe6 fxe6 19. Be5 Rf7 20. Qg6 Nc5 21. Bd4 b6 $13
) 15... Bxb2 {Black accepts the weakening of the kingside pawn structure for
the chance to play for win.} 16. Qh5 Qf5 (16... Bxc1 $2 17. Qg6+ Kh8 18. Qxh6+
Kg8 19. Bd6 $3 Ba3 (19... Bf5 20. Bxe7 Bxe4 21. Bf6 $18) 20. Nf6+ exf6 21.
Qxf8+ Kh7 22. Qxf7+ Kh6 23. Qxf6+ Kh7 24. Bc2+ $18) 17. Rc2 (17. Qxh6 Bg7 18.
Qxg5 Qxe4 19. f3 Qf5 20. Qxe7 $15) 17... Bg7 18. f3 Be6 19. h4 (19. Rfc1 Bxb3
20. axb3 Rfc8 $17) 19... Bxb3 20. axb3 Rac8 $6 (20... f6 $1 $17) 21. Rxc8 (21.
Rfc1 Rxc2 22. Rxc2 f6 $17) 21... Rxc8 22. hxg5 f6 23. Rd1 $2 {[%mdl 64] It is
a pitty for white to miss a great shot with 23.Bd6!!, the normal move leaves
black firmly in control.} (23. Bd6 $3 fxg5 (23... exd6 24. Nxd6 Qe6 25. Nxc8
Qxc8 26. gxh6 Bf8 27. Qg6+ Kh8 28. Rd1 $18) 24. Bxe7 Qe5 25. Bd6 Qe6 $15) 23...
hxg5 24. Bf2 Nb8 (24... Nb4 25. Rd4 a5 $17) 25. Ng3 Qc2 26. Rd5 (26. Ra1 Nc6 (
26... Qb2 27. Rxa7 Rc1+ 28. Kh2 Qxf2 29. Qe8+ Bf8 30. Qg6+ $11) 27. Qg4 Rd8 28.
Qe6+ Kf8 29. Nf5 a6 $17) 26... Qb1+ 27. Kh2 (27. Nf1 Rc1 28. Qe8+ Bf8 29. Qb5
e6 30. Rd2 a6 31. Qd3 Nc6 $19) 27... Qh7 28. Qxh7+ (28. e4 a6) 28... Kxh7 29.
e4 a6 30. Rd2 (30. e5 fxe5 31. Ne4 Kg6 32. Be3 Bf6 $17) 30... Bf8 31. Nf5 Kg6
32. Ba7 e6 (32... Nc6 33. Bb6 Ne5 $17) 33. Ne3 (33. Nd6 Rd8 34. Bc5 Nc6 $19)
33... Nc6 34. Bb6 Ne5 35. Nc2 Rc3 {White is a pawn down and all his pieces are
worse than the opponent's ones.} 36. Nd4 (36. b4 Rxf3 $1 $19) 36... Kf7 37. Ba5
(37. Rc2 Rxc2 38. Nxc2 Nd3 $17) 37... Rd3 38. Rxd3 Nxd3 39. g3 Bd6 40. Nc2 (40.
Kg2 Be5 41. Ne2 b5 $17) 40... Nc5 41. b4 (41. Bb4 Ke7 (41... a5 42. Bxa5 Nxb3
43. Bc3 b5 $17) 42. Bxc5 Bxc5 $19) 41... Nd7 42. b5 axb5 43. Kg2 Ne5 44. Bd2
Nd3 45. g4 b4 46. Nd4 Bf4 47. Bxf4 gxf4 48. Kf1 e5 49. Nb3 b6 50. Ke2 Nc5 51.
Nd2 b5 0-1